01558nam a2200445 i 450000100060000000300090000600500170001500800410003201500170007302000150009003500210010504000280012604100080015404600090016208000120017108000120018324501220019526000560031730000330037333600270040633700540043333800280048738000160051538800140053138800140054549000400055950400360059965800430063565000180067865000360069670000340073270000330076685600980079983000390089794200120093699900170094895200490096595200490101495200490106322626KOSZ 00520200508115629.0990506s1984 pl a |001 0 pol  aPB 1984/5567 a8301040246 a(OCoLC)749453760 aWA NcWA NdKOSZ 005/HR0 apol k1984 a004.438 a519.86300aMetody optymalizacji w języku FORTRAN /cpraca pod red. Jacka Szymanowskiego ; [aut.] Tomasz Kręglewski [et al.]. aWarszawa :bPaństwowe Wydawnictwo Naukowe,c1984. a340, [4] s. :brys ;c21 cm. 2rdacontentaTekstbtxt 2rdamediaaBez urządzenia pośredniczącegobn 2rdacarrieraWoluminbnc aKsiążki a1901-2000 a1945-19891 aBNI Biblioteka Naukowa Inżyniera. aBibliogr. s. 339-340. - Indeks. aInformatyka i technologie informacyjne 4aOptymalizacja 4aFortran (język programowania)1 aSzymanowski, Jacek.eRedakcja1 aKręglewski, Tomasz.eAutor uhttp://koha.tu.koszalin.pl/cgi-bin/koha/opac-detail.pl?biblionumber=22626yKatalog online BPK 0aBNI Biblioteka Naukowa Inżyniera 2UKDcKS c22626d22626 00104070aBPKbBPKcwo31800p01164930yKS 00104070aBPKbBPKcwo31801p01576276yKS 00104070aBPKbBPKcwo32348p01589900yKS